♦ Les 8 planètes en 15 secondes ♦ [DÉFI FR] ♦ - Statistiques

Statistiques générales
  • Ce quiz a été pris 241 fois
  • Le résultat moyen est 5 sur 8
Statistiques - réponses
Planètes % Correct
Mercure
99%
Vénus
84%
Terre
75%
Mars
65%
Jupiter
54%
Saturne
40%
Uranus
31%
Neptune
27%
Aucun quiz correspondant
Distribution des résultats
% des personnes avec chaque résultat
Percentile par nombre de réponses
Votre historique - résultats
Vous n’avez pas pris ce quiz